Vplyv vybraných nástrojov menovej politiky na akciové trhy
Úrokové sadzby, ponuka peňazí a akciové trhy. Súvislosť pohybu úrokových sadzieb, ponuky peňazí na vybraných akciových trhoch.
Salvato in:
| Autore principale: | |
|---|---|
| Natura: | Capitolo di libro |
| Lingua: | slovacco |
| Soggetti: | |
| Tags: |
Nessun Tag, puoi essere il primo ad aggiungerne!!
|
MARC
| LEADER | 00000naa$a2200000$$$4500 | ||
|---|---|---|---|
| 001 | 0134342 | ||
| 005 | 20240502072516.7 | ||
| 041 | 0 | |a slo | |
| 044 | |a SK | ||
| 245 | 1 | 0 | |a Vplyv vybraných nástrojov menovej politiky na akciové trhy |c Božena Chovancová |
| 520 | |a Úrokové sadzby, ponuka peňazí a akciové trhy. Súvislosť pohybu úrokových sadzieb, ponuky peňazí na vybraných akciových trhoch. | ||
| 610 | 2 | 0 | |a pohyb |
| 610 | 2 | 0 | |a sadzby úrokové |
| 610 | 2 | 0 | |a ponuka |
| 610 | 2 | 0 | |a peniaze |
| 610 | 2 | 0 | |a trh akciový |
| 610 | 2 | 0 | |a politika menová |
| 610 | 2 | 0 | |a nástroje politiky menovej |
| 100 | 1 | |a Chovancová, Božena | |